[Event "Barcelona Gotico"]
[Site "Barcelona"]
[Date "2019.05.21"]
[Round "9"]
[White "Navarro Gutierrez, Andres Camilo"]
[Black "Moravich Casais, Juan Santiago"]
[Result "1-0"]
[WhiteElo "2054"]
[BlackElo "1969"]
[PlyCount "125"]
[EventDate "2019.03.12"]
[EventType "tourn"]
[EventRounds "9"]
[EventCountry "ESP"]
[SourceTitle "CBM 190 Extra"]
[Source "ChessBase"]
[SourceDate "2019.07.15"]
[SourceVersion "1"]
[SourceVersionDate "2019.07.15"]
[SourceQuality "1"]

1. d4 Nf6 2. c4 d6 3. Nc3 e5 4. dxe5 dxe5 5. Qxd8+ Kxd8 6. Nf3 Bd6 7. c5 Bxc5 8. Nxe5 Be6 9. Bg5 Nbd7 10. Nxd7 Kxd7 11. 0-0-0+ Kc8 12. e3 Bd6 13. Be2 Ng4 14. Ne4 f6 15. Nxd6+ cxd6 16. Bh4 Kd7 17. Rd4 Ne5 18. Rhd1 Bxa2 19. Rxd6+ Kc7 20. R1d4 Rac8 21. Kc2 Rhd8 22. Rxd8 Rxd8 23. Rxd8 Kxd8 24. Kc3 Bd5 25. f3 Kd7 26. Bf2 b6 27. e4 Bb7 28. b4 g5 29. b5 Kd6 30. Kd4 Bc8 31. Be1 Bd7 32. Bb4+ Ke6 33. g3 Bxb5 34. Bxb5 Nxf3+ 35. Ke3 Nxh2 36. Bc4+ Ke5 37. Bc3+ Kd6 38. Bd4 h5 39. Be2 Ke6 40. Bxh5 Nf1+ 41. Kd3 Nxg3 42. Bg4+ f5 43. exf5+ Nxf5 44. Ke4 Kd6 45. Bxf5 Kc6 46. Be3 a5 47. Kd4 b5 48. Be4+ Kb6 49. Kd5+ Ka6 50. Bxg5 a4 51. Kc5 a3 52. Bd5 b4 53. Kxb4 a2 54. Bxa2 Kb6 55. Bd5 Kc7 56. Kc5 Kd7 57. Bf7 Kc7 58. Be6 Kb7 59. Kb5 Kc7 60. Be7 Kb7 61. Bd8 Kb8 62. Kb6 Ka8 63. Bf6 1-0

[Event "Barcelona Gotico"]
[Site "Barcelona"]
[Date "2019.04.23"]
[Round "6"]
[White "Cano Sevila, Ivan"]
[Black "Navarro Gutierrez, Andres Camilo"]
[Result "1/2-1/2"]
[WhiteElo "1967"]
[BlackElo "2054"]
[PlyCount "72"]
[EventDate "2019.03.12"]
[EventType "tourn"]
[EventRounds "9"]
[EventCountry "ESP"]
[SourceTitle "CBM 190 Extra"]
[Source "ChessBase"]
[SourceDate "2019.07.15"]
[SourceVersion "1"]
[SourceVersionDate "2019.07.15"]
[SourceQuality "1"]

1. Nf3 g6 2. d4 Nf6 3. Nc3 d5 4. Bf4 Bg7 5. e3 Bf5 6. Be2 Nbd7 7. h3 a6 8. a4 c5 9. 0-0 0-0 10. a5 b5 11. axb6 Qxb6 12. Na4 Qc6 13. dxc5 Nh5 14. Bh2 Nxc5 15. Nxc5 Qxc5 16. Nd4 Nf6 17. Nxf5 gxf5 18. Bd3 Ne4 19. c3 e6 20. Qe2 a5 21. f3 Nd6 22. Kh1 Rfd8 23. e4 dxe4 24. fxe4 fxe4 25. Bxe4 Nxe4 26. Qxe4 Qd5 27. Qg4 f5 28. Qh4 Kh8 29. Bg1 Rab8 30. Bd4 Bxd4 31. cxd4 Qxd4 32. Qxd4+ Rxd4 33. Rxa5 Rxb2 34. Re1 Rd6 35. Ra7 Kg8 36. Rc1 Rbd2 1/2-1/2

[Event "Barcelona Gotico"]
[Site "Barcelona"]
[Date "2019.03.26"]
[Round "3"]
[White "Navarro Gutierrez, Andres Camilo"]
[Black "Fernandez Diaz, Cristian"]
[Result "1/2-1/2"]
[WhiteElo "2054"]
[BlackElo "2237"]
[PlyCount "52"]
[EventDate "2019.03.12"]
[EventType "tourn"]
[EventRounds "9"]
[EventCountry "ESP"]
[SourceTitle "CBM 190 Extra"]
[Source "ChessBase"]
[SourceDate "2019.07.15"]
[SourceVersion "1"]
[SourceVersionDate "2019.07.15"]
[SourceQuality "1"]

1. e4 d6 2. d4 Nf6 3. f3 d5 4. e5 Ng8 5. f4 Bf5 6. Be3 e6 7. Nf3 Nh6 8. h3 Be7 9. Qd2 Nd7 10. Nc3 a6 11. Be2 c5 12. 0-0 Rc8 13. g4 Be4 14. Nxe4 dxe4 15. Ng5 cxd4 16. Bxd4 Nxe5 17. Nxe4 Rxc2 18. Qxc2 Qxd4+ 19. Kh1 Nc6 20. Rad1 Qb6 21. Nd6+ Bxd6 22. Rxd6 0-0 23. Bf3 Qe3 24. Qf2 Qxf4 25. Qd2 Qc4 26. Rd1 f5 1/2-1/2

[Event "Barcelona Gotico"]
[Site "Barcelona"]
[Date "2019.03.12"]
[Round "1"]
[White "Gonzalez Saguillo, Oriol"]
[Black "Navarro Gutierrez, Andres Camilo"]
[Result "1-0"]
[WhiteElo "2159"]
[BlackElo "2054"]
[PlyCount "101"]
[EventDate "2019.03.12"]
[EventType "tourn"]
[EventRounds "9"]
[EventCountry "ESP"]
[SourceTitle "CBM 190 Extra"]
[Source "ChessBase"]
[SourceDate "2019.07.15"]
[SourceVersion "1"]
[SourceVersionDate "2019.07.15"]
[SourceQuality "1"]

1. e4 c5 2. Nf3 Nc6 3. d4 cxd4 4. Nxd4 g6 5. c4 Bg7 6. Be3 Nf6 7. Nc3 Qa5 8. f3 0-0 9. Be2 a6 10. 0-0 d6 11. Qd2 Nxd4 12. Bxd4 Bd7 13. Rfd1 Rab8 14. Nd5 Qd8 15. Nxf6+ exf6 16. Bf2 f5 17. Qxd6 Ba4 18. Bb6 Qxd6 19. Rxd6 fxe4 20. Rd2 Bh6 21. Rd5 Bg7 22. Bd4 Bc6 23. Bxg7 Kxg7 24. Rd4 Rbd8 25. Rad1 Rxd4 26. Rxd4 Re8 27. Kf2 f5 28. fxe4 Rxe4 29. Rxe4 fxe4 30. Ke3 Kf6 31. Kd4 Kf5 32. g3 h5 33. Bd1 h4 34. b4 hxg3 35. hxg3 b5 36. Be2 bxc4 37. Bxc4 Bb5 38. Bd5 g5 39. Bb3 Bc6 40. Bd1 Bb5 41. a4 Bd3 42. Bh5 Bc2 43. b5 Bxa4 44. bxa6 Bc6 45. a7 Kf6 46. Be8 Ba8 47. Bd7 Bb7 48. g4 Ba8 49. Bf5 e3 50. Kxe3 Ke5 51. Bd3 1-0

[Event "Barcelona Ideal Clave op 20th"]
[Site "Barcelona"]
[Date "2016.11.19"]
[Round "8"]
[White "Navarro Gutierrez, Andres Camilo"]
[Black "Rodriguez Guillen, Carlos"]
[Result "1-0"]
[WhiteElo "1990"]
[BlackElo "1675"]
[PlyCount "73"]
[EventDate "2016.10.01"]
[EventType "swiss"]
[EventRounds "8"]
[EventCountry "ESP"]
[SourceTitle "EXT 2018"]
[Source "ChessBase"]
[SourceDate "2017.10.13"]
[SourceVersion "1"]
[SourceVersionDate "2017.10.13"]
[SourceQuality "1"]

1. e4 e6 2. d3 d5 3. Nd2 Nc6 4. g3 Nf6 5. Bg2 Bc5 6. c3 Ne5 7. d4 Nd3+ 8. Kf1 Bb6 9. e5 Nd7 10. Qg4 0-0 11. Ne2 f5 12. Qf3 Nxc1 13. Rxc1 Qg5 14. Nf4 Re8 15. Qe3 Nf8 16. Nxd5 Qxe3 17. Nxe3 c6 18. Ke2 Ng6 19. f4 Ne7 20. Ndc4 Bc7 21. b4 Nd5 22. Na5 Bxa5 23. bxa5 b6 24. c4 Ba6 25. Kf2 Nb4 26. Rb1 bxa5 27. a3 Nd3+ 28. Ke2 Nxf4+ 29. gxf4 Rac8 30. Rhd1 Red8 31. Kf2 Rc7 32. d5 cxd5 33. cxd5 exd5 34. Rxd5 Rcd7 35. Rxd7 Rxd7 36. Bd5+ Kf8 37. Rb8+ 1-0

[Event "Barcelona Ideal Clave op 20th"]
[Site "Barcelona"]
[Date "2016.10.22"]
[Round "4"]
[White "Serrano Pertinez, Miquel"]
[Black "Navarro Gutierrez, Andres Camilo"]
[Result "1-0"]
[WhiteElo "2140"]
[BlackElo "1990"]
[PlyCount "125"]
[EventDate "2016.10.01"]
[EventType "swiss"]
[EventRounds "8"]
[EventCountry "ESP"]
[SourceTitle "EXT 2018"]
[Source "ChessBase"]
[SourceDate "2017.10.13"]
[SourceVersion "1"]
[SourceVersionDate "2017.10.13"]
[SourceQuality "1"]

1. b3 d5 2. Bb2 Nf6 3. e3 g6 4. c4 Bg7 5. cxd5 0-0 6. Nf3 Qxd5 7. Be2 c5 8. 0-0 Nc6 9. Nc3 Qd8 10. Qc1 Nb4 11. Na4 b6 12. Bc3 Ba6 13. Bxa6 Nxa6 14. Qa3 Rc8 15. Nb2 Nc7 16. Be5 Nb5 17. Qa6 Qd7 18. Nc4 Nd6 19. Rac1 Nd5 20. Nxd6 exd6 21. Bxg7 Kxg7 22. d4 Rfd8 23. Rfd1 Qc6 24. h3 Nf6 25. Rc2 Rd7 26. Qa3 Rdc7 27. Qb2 d5 28. Ne5 Qe6 29. dxc5 Rxc5 30. Rcd2 Kg8 31. Nd3 R5c7 32. Nf4 Qe7 33. Nxd5 Nxd5 34. Rxd5 h5 35. Qd4 Qf8 36. Rd7 Qe8 37. Qd6 Qxd7 38. Qxd7 Rxd7 39. Rxd7 Rc1+ 40. Kh2 a5 41. Rd2 b5 42. Kg3 a4 43. bxa4 bxa4 44. Rd4 Ra1 45. Rxa4 Kg7 46. h4 Kf6 47. Ra7 Ke6 48. a4 Ra2 49. a5 Kf6 50. a6 Ke6 51. Ra8 Kf6 52. a7 Ra4 53. e4 Kg7 54. Kf4 Ra5 55. f3 Kf6 56. g4 hxg4 57. fxg4 Kg7 58. h5 g5+ 59. Ke3 Kh7 60. h6 Ra4 61. Kd3 Ra2 62. Kc4 Ra5 63. Kb4 1-0

[Event "Barcelona Sant Marti op-B 16th"]
[Site "Barcelona"]
[Date "2014.07.21"]
[Round "9"]
[White "Perez Garcia, Jose Miguel"]
[Black "Navarro Gutierrez, Andres Camilo"]
[Result "0-1"]
[WhiteElo "1945"]
[BlackElo "2078"]
[PlyCount "92"]
[EventDate "2014.07.13"]
[EventType "swiss"]
[EventRounds "9"]
[EventCountry "ESP"]
[SourceTitle "CBM 161 Extra"]
[Source "ChessBase"]
[SourceDate "2014.08.29"]
[SourceVersion "1"]
[SourceVersionDate "2014.08.29"]
[SourceQuality "1"]

1. Nc3 d5 2. d4 Nf6 3. Bf4 Bf5 4. f3 e6 5. g4 Bg6 6. h4 h5 7. g5 Nfd7 8. e3 Bb4 9. Bd3 Bxc3+ 10. bxc3 0-0 11. Bxg6 fxg6 12. Qd3 Kh7 13. Ne2 Qe8 14. Bxc7 Rxf3 15. Nf4 Na6 16. Bd6 e5 17. dxe5 Nxe5 18. Bxe5 Qxe5 19. 0-0-0 Qxe3+ 20. Qxe3 Rxe3 21. Nxd5 Re4 22. Kb2 Rc8 23. Rde1 Rcc4 24. Rhf1 Rxe1 25. Rxe1 Rxh4 26. Re7 Kg8 27. Rxb7 Nc5 28. Ne7+ Kf7 29. Rxa7 Ra4 30. Rc7 Ne6 31. Rb7 h4 32. Nf5+ Kf8 33. Rb8+ Kf7 34. Rb7+ Kg8 35. Re7 gxf5 36. Rxe6 h3 37. g6 Kf8 38. Re2 Rh4 39. Rh2 Ke7 40. a4 Kd6 41. Kc1 Ke5 42. a5 Kf4 43. a6 Kg3 44. Rh1 Ra4 45. Rg1+ Kh4 46. a7 Rxa7 0-1

[Event "Barcelona Sant Marti op-B 16th"]
[Site "Barcelona"]
[Date "2014.07.18"]
[Round "6"]
[White "Navarro Gutierrez, Andres Camilo"]
[Black "Petit Montes, Marc"]
[Result "1/2-1/2"]
[WhiteElo "2078"]
[BlackElo "2040"]
[PlyCount "77"]
[EventDate "2014.07.13"]
[EventType "swiss"]
[EventRounds "9"]
[EventCountry "ESP"]
[SourceTitle "CBM 161 Extra"]
[Source "ChessBase"]
[SourceDate "2014.08.29"]
[SourceVersion "1"]
[SourceVersionDate "2014.08.29"]
[SourceQuality "1"]

1. c4 c5 2. Nf3 Nc6 3. Nc3 g6 4. d4 cxd4 5. Nxd4 Bg7 6. e3 Nf6 7. g3 d6 8. Bg2 Bd7 9. 0-0 0-0 10. b3 a6 11. Bb2 Rb8 12. Qe2 Ne8 13. Rad1 Nc7 14. Rfe1 Nxd4 15. exd4 e6 16. Ba3 Bc6 17. Ne4 Bxe4 18. Bxe4 b5 19. Bc6 b4 20. Bc1 Qe7 21. d5 Bc3 22. Bd2 Bxd2 23. Rxd2 e5 24. c5 Nb5 25. cxd6 Qxd6 26. Qxe5 Qxe5 27. Rxe5 Rfd8 28. Kf1 Rd6 29. Ke2 Kf8 30. Kd3 f6 31. Re1 Rbd8 32. Rc2 Nc3 33. Kc4 Nxd5 34. Kc5 Rxc6+ 35. Kxc6 Rc8+ 36. Kxd5 Rxc2 37. Re6 Rxa2 38. Rxf6+ Kg7 39. Rf3 1/2-1/2

[Event "Barcelona Sant Marti op-B 16th"]
[Site "Barcelona"]
[Date "2014.07.17"]
[Round "5"]
[White "Pallares Gurrea, Aitor Alexander"]
[Black "Navarro Gutierrez, Andres Camilo"]
[Result "0-1"]
[WhiteElo "1956"]
[BlackElo "2078"]
[PlyCount "22"]
[EventDate "2014.07.13"]
[EventType "swiss"]
[EventRounds "9"]
[EventCountry "ESP"]
[SourceTitle "CBM 161 Extra"]
[Source "ChessBase"]
[SourceDate "2014.08.29"]
[SourceVersion "1"]
[SourceVersionDate "2014.08.29"]
[SourceQuality "1"]

1. d4 g6 2. Nc3 Bg7 3. e4 d6 4. f4 Nd7 5. Nf3 e6 6. Be2 Ne7 7. 0-0 0-0 8. Bd3 c5 9. Nb5 Qb6 10. e5 dxe5 11. dxe5 c4+ 0-1

[Event "Barcelona Sant Marti op-B 16th"]
[Site "Barcelona"]
[Date "2014.07.16"]
[Round "4"]
[White "Navarro Gutierrez, Andres Camilo"]
[Black "Palacios Pena, Gerardo"]
[Result "1/2-1/2"]
[WhiteElo "2078"]
[BlackElo "1993"]
[PlyCount "45"]
[EventDate "2014.07.13"]
[EventType "swiss"]
[EventRounds "9"]
[EventCountry "ESP"]
[SourceTitle "CBM 161 Extra"]
[Source "ChessBase"]
[SourceDate "2014.08.29"]
[SourceVersion "1"]
[SourceVersionDate "2014.08.29"]
[SourceQuality "1"]

1. c4 Nf6 2. Nc3 e6 3. g3 d5 4. d4 Be7 5. Bg2 c6 6. b3 Bb4 7. Bb2 Qa5 8. Qd2 Ne4 9. Bxe4 dxe4 10. a3 Bxc3 11. Qxc3 Qxc3+ 12. Bxc3 0-0 13. h4 Nd7 14. Nh3 h6 15. 0-0 Re8 16. Kg2 e5 17. Rfd1 exd4 18. Bxd4 Nf8 19. Nf4 Ne6 20. Nxe6 Bxe6 21. Rd2 Rad8 22. Rad1 b6 23. Bc3 1/2-1/2

[Event "Barcelona Sant Marti op-B 16th"]
[Site "Barcelona"]
[Date "2014.07.15"]
[Round "3"]
[White "Peiron Lluch, Jose Daniel"]
[Black "Navarro Gutierrez, Andres Camilo"]
[Result "0-1"]
[WhiteElo "1990"]
[BlackElo "2078"]
[PlyCount "76"]
[EventDate "2014.07.13"]
[EventType "swiss"]
[EventRounds "9"]
[EventCountry "ESP"]
[SourceTitle "CBM 161 Extra"]
[Source "ChessBase"]
[SourceDate "2014.08.29"]
[SourceVersion "1"]
[SourceVersionDate "2014.08.29"]
[SourceQuality "1"]

1. d4 g6 2. e3 c5 3. Bd3 Bg7 4. c3 d5 5. f4 Qc7 6. Nf3 Bg4 7. Nbd2 cxd4 8. cxd4 Nf6 9. 0-0 0-0 10. Qe1 Nc6 11. a3 e6 12. Qh4 Bf5 13. Bxf5 exf5 14. Ne5 Ne8 15. b4 f6 16. Nef3 Nd6 17. Bb2 Rfe8 18. Rfe1 Qb6 19. Nb3 a5 20. Nc5 Re7 21. Na4 Qd8 22. Bc3 Nc4 23. Qf2 Qe8 24. Bd2 Nxd4 25. exd4 Rxe1+ 26. Qxe1 Qxa4 27. Qe6+ Kh8 28. Qxd5 Nxd2 29. Nxd2 axb4 30. Qxb7 bxa3 31. Qd5 Bf8 32. Nc4 Rb8 33. Qf7 a2 34. Qxf6+ Bg7 35. Qd6 Rb1+ 36. Kf2 h6 37. Ne5 Rxa1 38. Nxg6+ Kh7 0-1

[Event "Barcelona Sant Marti op 3rd"]
[Site "Barcelona"]
[Date "2014.02.27"]
[Round "7"]
[White "Garcia Punzano, Josep Lluis"]
[Black "Navarro Gutierrez, Andres Camilo"]
[Result "0-1"]
[WhiteElo "1925"]
[BlackElo "2095"]
[PlyCount "54"]
[EventDate "2014.01.16"]
[EventType "swiss"]
[EventRounds "9"]
[EventCountry "ESP"]
[SourceTitle "EXT 2015"]
[Source "ChessBase"]
[SourceDate "2014.11.20"]
[SourceVersion "1"]
[SourceVersionDate "2014.11.20"]
[SourceQuality "1"]

1. d4 d5 2. c4 c6 3. cxd5 cxd5 4. Nf3 Nc6 5. Nc3 Nf6 6. Bg5 Ne4 7. Bf4 e6 8. a3 Qb6 9. Na4 Qa5+ 10. b4 Nxb4 11. axb4 Bxb4+ 12. Bd2 Nxd2 13. Nxd2 b5 14. Nc3 Qb6 15. Rc1 Bd7 16. e3 0-0 17. Qb3 Qa5 18. Bd3 Rac8 19. Ndb1 Bxc3+ 20. Nxc3 b4 21. Ne2 Ba4 22. Qb2 b3+ 23. Kf1 Bb5 24. Qxb3 Rxc1+ 25. Nxc1 Qd2 26. Qc2 Bxd3+ 27. Nxd3 Qxc2 0-1

[Event "Barcelona Sant Marti op-B 15th"]
[Site "Barcelona"]
[Date "2013.07.19"]
[Round "7"]
[White "Navarro Gutierrez, Andres Camilo"]
[Black "Masferrer Niubo, Enric"]
[Result "1-0"]
[WhiteElo "1909"]
[BlackElo "1961"]
[PlyCount "81"]
[EventDate "2013.07.13"]
[EventType "swiss"]
[EventRounds "9"]
[EventCountry "ESP"]
[SourceTitle "CBM 155 Extra"]
[Source "ChessBase"]
[SourceDate "2013.08.26"]
[SourceVersion "1"]
[SourceVersionDate "2013.08.26"]
[SourceQuality "1"]

1. g3 Nf6 2. Bg2 e5 3. c4 Nc6 4. Nc3 d6 5. e3 g6 6. Nge2 Bg7 7. 0-0 0-0 8. Rb1 Be6 9. Nd5 Qd7 10. d3 Bh3 11. e4 Bxg2 12. Kxg2 Nd8 13. Bg5 Nxd5 14. cxd5 c5 15. b4 f6 16. Be3 cxb4 17. Rxb4 b6 18. Qa4 Qxa4 19. Rxa4 Nb7 20. Rc1 Nc5 21. Ra3 f5 22. f3 Rf7 23. Bxc5 dxc5 24. Nc3 Bf8 25. Ra6 Rd8 26. Nb5 Rdd7 27. Rc4 Bd6 28. Nxd6 Rxd6 29. Rxc5 Rdf6 30. Rc8+ Kg7 31. Ra3 Rd6 32. Ra8 a5 33. Rc3 Rb7 34. Kf2 h5 35. Ke3 Kf6 36. d4 exd4+ 37. Kxd4 fxe4 38. fxe4 Ke7 39. Rh8 Rbd7 40. Rcc8 Kf7 41. Rh7+ 1-0

[Event "Barcelona Sant Marti op-B 15th"]
[Site "Barcelona"]
[Date "2013.07.16"]
[Round "4"]
[White "Navarro Gutierrez, Andres Camilo"]
[Black "Tortosa Moros, Joan"]
[Result "1-0"]
[WhiteElo "1909"]
[BlackElo "1771"]
[PlyCount "53"]
[EventDate "2013.07.13"]
[EventType "swiss"]
[EventRounds "9"]
[EventCountry "ESP"]
[SourceTitle "CBM 155 Extra"]
[Source "ChessBase"]
[SourceDate "2013.08.26"]
[SourceVersion "1"]
[SourceVersionDate "2013.08.26"]
[SourceQuality "1"]

1. e4 c5 2. Nf3 Nc6 3. g3 g6 4. Bg2 Bg7 5. 0-0 d6 6. c3 Nf6 7. Re1 Bg4 8. h3 Bxf3 9. Qxf3 Ne5 10. Qe2 Qb6 11. d3 Qa6 12. Rd1 h5 13. f4 Nc6 14. Be3 0-0-0 15. Nd2 e5 16. Nc4 exf4 17. Bxf4 Ne7 18. e5 Nfd5 19. Nxd6+ Rxd6 20. exd6 Nxf4 21. Qxe7 Qb6 22. gxf4 Bh6 23. Rf1 Rd8 24. Rae1 Rd7 25. Qe8+ Rd8 26. Qxf7 Qxd6 27. Qxb7# 1-0

[Event "Barcelona La Lira op 31st"]
[Site "Barcelona"]
[Date "2013.03.01"]
[Round "7"]
[White "Navarro Gutierrez, Andres Camilo"]
[Black "Peiron Lluch, Jose Daniel"]
[Result "1-0"]
[WhiteElo "1882"]
[BlackElo "1985"]
[PlyCount "89"]
[EventDate "2013.01.18"]
[EventType "swiss"]
[EventRounds "8"]
[EventCountry "ESP"]
[SourceTitle "EXT 2014"]
[Source "ChessBase"]
[SourceDate "2013.11.20"]
[SourceVersion "1"]
[SourceVersionDate "2013.11.20"]
[SourceQuality "1"]

1. e4 c6 2. d4 d5 3. Nc3 dxe4 4. Nxe4 Bf5 5. Ng3 Bg6 6. f4 h6 7. f5 Bxf5 8. Nxf5 Qa5+ 9. Bd2 Qxf5 10. Bd3 Qd5 11. Nf3 Nf6 12. 0-0 e6 13. c4 Qd8 14. Bc3 Nbd7 15. Qe2 Be7 16. Rae1 0-0 17. Bb1 Re8 18. Ne5 Nxe5 19. dxe5 Bc5+ 20. Kh1 Nd7 21. Qe4 Qg5 22. Qh7+ Kf8 23. Bd2 Qxd2 24. Rd1 Qxd1 25. Rxd1 Nxe5 26. Qh8+ Ke7 27. Qxg7 Nxc4 28. Qc3 Rad8 29. Rxd8 Rxd8 30. Bc2 b5 31. b3 Bd4 32. Qb4+ c5 33. Qxb5 Ne3 34. Be4 Ng4 35. Bf3 Nf2+ 36. Kg1 Nd1+ 37. Kf1 Nc3 38. Qa6 e5 39. Qxa7+ Rd7 40. Qa8 Be3 41. Qa5 Bd4 42. Bc6 Rd6 43. Qc7+ Ke6 44. Be8 e4 45. Bxf7+ 1-0

[Event "Barcelona La Lira op 31st"]
[Site "Barcelona"]
[Date "2013.02.15"]
[Round "5"]
[White "Costa Trave, Jaume"]
[Black "Navarro Gutierrez, Andres Camilo"]
[Result "1/2-1/2"]
[WhiteElo "1968"]
[BlackElo "1882"]
[PlyCount "132"]
[EventDate "2013.01.18"]
[EventType "swiss"]
[EventRounds "8"]
[EventCountry "ESP"]
[SourceTitle "EXT 2014"]
[Source "ChessBase"]
[SourceDate "2013.11.20"]
[SourceVersion "1"]
[SourceVersionDate "2013.11.20"]
[SourceQuality "1"]

1. f4 g6 2. Nf3 Bg7 3. e4 c5 4. Bc4 a6 5. a4 Nc6 6. c3 e6 7. 0-0 Nge7 8. Kh1 0-0 9. d4 cxd4 10. cxd4 d5 11. exd5 exd5 12. Be2 Nf5 13. Nc3 Nfxd4 14. Ng5 Nxe2 15. Nxe2 Bg4 16. h3 Bxe2 17. Qxe2 Qb6 18. Ra3 h6 19. Nf3 Rfe8 20. Qd3 Nb4 21. Qb1 f5 22. Bd2 Re2 23. Rb3 a5 24. Bxb4 axb4 25. Qd3 Rxb2 26. Qxd5+ Kh7 27. Re1 Qc6 28. Qxc6 bxc6 29. Rxb2 Bxb2 30. Re7+ Bg7 31. Rc7 b3 32. Rb7 b2 33. Ne5 Rxa4 34. Rxb2 Rxf4 35. Rb7 Rf1+ 36. Kh2 Rc1 37. h4 c5 38. Rc7 Kg8 39. Nxg6 Bf6 40. h5 c4 41. Rc5 c3 42. Rxf5 Bg5 43. Rc5 Be3 44. Rc6 Kf7 45. Ne5+ Ke7 46. g3 Bd4 47. Nf3 Be3 48. Kg2 Rc2+ 49. Kh3 Bd2 50. Kg4 Rc1 51. Nd4 Re1 52. Kf5 Kd7 53. Rc4 Kd6 54. Nb5+ Kd5 55. Rc8 Re3 56. g4 Rf3+ 57. Kg6 Ke4 58. Nxc3+ Bxc3 59. Rxc3 Rxc3 60. Kxh6 Kf4 61. g5 Rc6+ 62. g6 Kf5 63. Kh7 Kg5 64. g7 Kxh5 65. g8Q Rh6+ 66. Kg7 Rg6+ 1/2-1/2